000 00461nam a2200157Ia 4500
008 210716s2005 xx 000 0 und d
020 _a978173669223
041 _aeng
082 _a005.2764 PRIA
100 _aPrince, Anne;Lowe, Doug.
245 _aMurachs ASP.NET: web programming with vb.net.
_bWeb programming with vb.net.
250 _a1
260 _aNew Delhi
_bShroff Publishers and Distributors Pvt Ltd
_c2005
300 _axvi,718
650 _aASP
999 _c187195
_d187195